Вопросы эндокринологии : (Record no. 208014)
[ view plain ]
| 000 -LEADER | |
|---|---|
| fixed length control field | 01570nam a2200277 u 4500 |
| 001 - CONTROL NUMBER | |
| control field | 000616265 |
| 003 - CONTROL NUMBER IDENTIFIER | |
| control field | AM-YeHGA |
| 005 - DATE AND TIME OF LATEST TRANSACTION | |
| control field | 20250617135830.0 |
| 008 - FIXED-LENGTH DATA ELEMENTS--GENERAL INFORMATION | |
| fixed length control field | 081201s1984 ||||||||r|||||000|0|rus|d |
| 040 ## - CATALOGING SOURCE | |
| Original cataloging agency | AM-YeHGA |
| 041 0# - LANGUAGE CODE | |
| Language code of text/sound track or separate title | rus |
| 090 ## - LOCALLY ASSIGNED LC-TYPE CALL NUMBER (OCLC); LOCAL CALL NUMBER (RLIN) | |
| -- | 209518 |
| 245 00 - TITLE STATEMENT | |
| Title | Вопросы эндокринологии : |
| Remainder of title | Тезисы конференции эндокринологов, X. Посвящается 80-летию со дня рождения В. Н. Пашкова (1904-1969) / |
| Statement of responsibility, etc. | Отв. ред. В. Саарма ; Тартуский государственный университет, МЗ ЭССР, Общество эндокринологов ЭССР. |
| 246 15 - VARYING FORM OF TITLE | |
| Title proper/short title | Acta endocrinologica |
| 260 ## - PUBLICATION, DISTRIBUTION, ETC. | |
| Place of publication, distribution, etc. | Тарту : |
| Name of publisher, distributor, etc. | ТГУ, |
| Date of publication, distribution, etc. | 1984. |
| 300 ## - PHYSICAL DESCRIPTION | |
| Extent | 227 с. ; |
| Dimensions | 20 см. |
| 650 14 - SUBJECT ADDED ENTRY--TOPICAL TERM | |
| Topical term or geographic name entry element | Эндокринология |
| 650 14 - SUBJECT ADDED ENTRY--TOPICAL TERM | |
| Topical term or geographic name entry element | Эндокринной системы болезни |
| General subdivision | Этиология |
| -- | Диагноз |
| -- | Терапия |
| 650 14 - SUBJECT ADDED ENTRY--TOPICAL TERM | |
| Topical term or geographic name entry element | Диабет сахарный |
| General subdivision | Иммунология |
| -- | Диагноз |
| -- | Терапия |
| 650 14 - SUBJECT ADDED ENTRY--TOPICAL TERM | |
| Topical term or geographic name entry element | Щитовидной железы болезни |
| General subdivision | Классификация |
| -- | Диагноз |
| Topical term or geographic name entry element | Иммунология |
| 700 1# - ADDED ENTRY--PERSONAL NAME | |
| Personal name | Саарма, В. |
| Relator term | ред. |
| Relationship | edt |
| 710 2# - ADDED ENTRY--CORPORATE NAME | |
| Corporate name or jurisdiction name as entry element | Тартуский государственный университет |
| 710 2# - ADDED ENTRY--CORPORATE NAME | |
| Corporate name or jurisdiction name as entry element | Министерство здравоохранения ЭССР |
| 710 2# - ADDED ENTRY--CORPORATE NAME | |
| Corporate name or jurisdiction name as entry element | Общество эндокринологов ЭССР |
| 711 2# - ADDED ENTRY--MEETING NAME | |
| Meeting name or jurisdiction name as entry element | Конференция эндокринологов |
| Number of part/section/meeting | (10 ; |
| Date of meeting or treaty signing | 1984 ; |
| Location of meeting | Тарту) |
| Withdrawn status | Lost status | Damaged status | Not for loan | Collection | Home library | Current library | Date acquired | Total checkouts | Full call number | Barcode | Date last seen | Price effective from | Koha item type | Public note |
|---|---|---|---|---|---|---|---|---|---|---|---|---|---|---|
| General | Fundamental Scientific Library | Fundamental Scientific Library | 29/12/2016 | PII/521681 | FL0192197 | 29/12/2016 | 29/12/2016 | Գրքեր / Books | 30 Days Loan |
ՀՀ Գիտությունների ազգային ակադեմիայի հիմնարար գիտական գրադարան = Fundamental Scientific Library of NAS RA
All site content, except where otherwise noted, is licensed under a